Central Library OPAC University of Rajshahi

Pomp and circumstance / (Record no. 18321)

MARC details
000 -LEADER
fixed length control field 00610cam a22002291 4500
001 - CONTROL NUMBER
control field 18321
003 - CONTROL NUMBER IDENTIFIER
rucl marc code BD-RjUL
005 - DATE AND TIME OF LATEST TRANSACTION
control field 20211209000253.0
008 - FIXED-LENGTH DATA ELEMENTS--GENERAL INFORMATION
fixed length control field 140220s1960 enk 000 0 eng
035 ## - SYSTEM CONTROL NUMBER
System control number (BD-RjUL)18379
System control number (OCoLC)1854475
040 ## - CATALOGING SOURCE
Original cataloging agency DLC
Transcribing agency FMFIU
Modifying agency OCoLC
-- Uk
-- DLC
Language of cataloging eng
041 ## - LANGUAGE CODE
Language code of text/sound track or separate title eng
082 ## - DEWEY DECIMAL CLASSIFICATION NUMBER
Classification number 823.9
Author mark and year COP 1960
100 1# - MAIN ENTRY--PERSONAL NAME
Personal name Coward, Noel,
Dates associated with a name 1899-1973.
9 (RLIN) 56395
245 10 - TITLE STATEMENT
Title Pomp and circumstance /
Statement of responsibility, etc. NOEL COWARD
260 ## - PUBLICATION, DISTRIBUTION, ETC. (IMPRINT)
Place of publication, distribution, etc. London :
Name of publisher, distributor, etc. Heinemann,
Date of publication, distribution, etc. 1960
300 ## - PHYSICAL DESCRIPTION
Pagination 305 p. ;
Size 21 cm.
942 ## - ADDED ENTRY ELEMENTS (KOHA)
Source of classification or shelving scheme Dewey Decimal Classification
Koha item type Books
Holdings
Lost status Source of classification or shelving scheme Damaged status Not for loan Collection code Permanent Location Current Location Shelving location Date acquired Source of acquisition Cost, normal purchase price Total Checkouts Full call number Date last seen Copy number Koha item type
  Dewey Decimal Classification   Not For Loan Fiction Central Library, University of Rajshahi Central Library, University of Rajshahi Reading Room 15/12/1969 Ziet 0.25   823.9 COP 1960 20/02/2014 C-1 Books